00890nac a22002177a 4500001001000000003000900010005001700019008003400036040005400070072001300124100001700137110011100154245010800265260004000373300001100413490014300424500004900567650001300616650002100629650002200650BR7603304BR-BrBNA20240105113950.0230509b bl.|||m| |||| 00| 0 por d aBR-BrBNAbporcBiblioteca Nacional de Agricultura aC00; E501 aHansen, D.O.1 aUniversidade Federal do Rio Grande do Sul, Porto Alegre (Brasil). Centro de Estudos e Pesquisas Economicas1 aDeterminantes do desempenho educacional no Rio Grande do Sul, Brasil: Teste trans-cultural de um modelo3 aPorto Alegre, RS (Brasil): c1976.  a190 p. aEstudos e Trabalhos Mimeografados - Universidade Federal do Rio Grande do Sul. Centro de Estudos e Pesquisas Economicas (Brazil)vno. 31x a50 tables; Bibliography p. 135-140 (63 ref.) aEDUCACAO aSOCIOLOGIA RURAL aRIO GRANDE DO SUL